ඵළු අකාරාදිය හෙවත් ශුද්ධ සිංහල අකාරාදිය (Record no. 83800)
[ view plain ]
| 000 -LEADER | |
|---|---|
| fixed length control field | 00757nam a2200217Ia 4500 |
| 003 - CONTROL NUMBER IDENTIFIER | |
| control field | LK-CoDNM |
| 005 - DATE AND TIME OF LATEST TRANSACTION | |
| control field | 20241001144820.0 |
| 008 - FIXED-LENGTH DATA ELEMENTS--GENERAL INFORMATION | |
| fixed length control field | 010623t1893 xxu||||| |||| 00| 1 sin d |
| 040 ## - CATALOGING SOURCE | |
| Original cataloging agency | LK-CoDNM |
| Modifying agency | LK-CoDNM |
| Description conventions | LK-CoDNM |
| 041 ## - LANGUAGE CODE | |
| Language code of text/sound track or separate title | Sinhala; Sinhalese |
| 080 ## - UNIVERSAL DECIMAL CLASSIFICATION NUMBER | |
| Universal Decimal Classification number | 24 |
| Item number | Q41 |
| 942 ## - ADDED ENTRY ELEMENTS (KOHA) | |
| Koha item type | Books |
| 100 ## - MAIN ENTRY--PERSONAL NAME | |
| Personal name | Jayathilake,Hendric. |
| 245 ## - TITLE STATEMENT | |
| Title | ඵළු අකාරාදිය හෙවත් ශුද්ධ සිංහල අකාරාදිය |
| 246 ## - VARYING FORM OF TITLE | |
| Title proper/short title | Elu akaaraadiya Hewath Shuddha Sinhala Akaaraadiya |
| 260 ## - PUBLICATION, DISTRIBUTION, ETC. (IMPRINT) | |
| Name of publisher, distributor, etc. | Lankabinava |
| Place of publication, distribution, etc. | Nawagamuwa |
| Date of publication, distribution, etc. | 1893 |
| 300 ## - PHYSICAL DESCRIPTION | |
| Other physical details | 48p. ; 21 cm |
| 650 ## - SUBJECT ADDED ENTRY--TOPICAL TERM | |
| Topical term or geographic name as entry element | Jayathilake,Hendric. |
| 650 ## - SUBJECT ADDED ENTRY--TOPICAL TERM | |
| Topical term or geographic name as entry element | 24 Q41 |
| 650 ## - SUBJECT ADDED ENTRY--TOPICAL TERM | |
| Topical term or geographic name as entry element | ඵළු අකාරාදිය හෙවත් ශුද්ධ සිංහල අකාරාදිය |
| Withdrawn status | Lost status | Damaged status | Not for loan | Collection code | Permanent Location | Current Location | Shelving location | Date acquired | Full call number | Barcode | Koha item type |
|---|---|---|---|---|---|---|---|---|---|---|---|
| Damaged | Old Books Collection | Library National Museum Colombo - Sri Lanka | Library National Museum Colombo - Sri Lanka | Reference | 2024-10-01 | 24 Q41 | OJP2450-3 | Books |


